<?xml version="1.0" encoding="UTF-8"?>
<record
    xmlns:xsi="http://www.w3.org/2001/XMLSchema-instance"
    xsi:schemaLocation="http://www.loc.gov/MARC21/slim http://www.loc.gov/standards/marcxml/schema/MARC21slim.xsd"
    xmlns="http://www.loc.gov/MARC21/slim">

  <leader>00929nam a22002297a 4500</leader>
  <datafield tag="999" ind1=" " ind2=" ">
    <subfield code="c">63620</subfield>
    <subfield code="d">63620</subfield>
  </datafield>
  <controlfield tag="005">20240530110650.0</controlfield>
  <controlfield tag="008">171210s2016    ua  o  g b    001 0 ara d</controlfield>
  <datafield tag="017" ind1=" " ind2=" ">
    <subfield code="a">2015/37458</subfield>
    <subfield code="b">&#x645;&#x635;&#x631;. &#x62F;&#x627;&#x631; &#x627;&#x644;&#x643;&#x62A;&#x628;</subfield>
  </datafield>
  <datafield tag="040" ind1=" " ind2=" ">
    <subfield code="a">EG-CaGPL</subfield>
    <subfield code="c">EG-CaGPL</subfield>
  </datafield>
  <datafield tag="082" ind1="0" ind2="4">
    <subfield code="2">21</subfield>
    <subfield code="a">302.23\</subfield>
    <subfield code="b">&#x62D; &#x645;</subfield>
  </datafield>
  <datafield tag="100" ind1="0" ind2=" ">
    <subfield code="a">&#x62D;&#x633;&#x646;&#x64A;&#x646; &#x634;&#x641;&#x64A;&#x642; </subfield>
  </datafield>
  <datafield tag="245" ind1="1" ind2="0">
    <subfield code="a">&#x645;&#x642;&#x62F;&#x645;&#x629; &#x641;&#x649; &#x627;&#x644;&#x645;&#x646;&#x627;&#x638;&#x631;&#x627;&#x62A; &#x627;&#x644;&#x627;&#x639;&#x644;&#x627;&#x645;&#x64A;&#x629; :</subfield>
    <subfield code="b">&#x627;&#x644;&#x62A;&#x642;&#x646;&#x64A;&#x629; : &#x627;&#x644;&#x627;&#x633;&#x644;&#x648;&#x628; : &#x627;&#x644;&#x642;&#x648;&#x627;&#x639;&#x62F; &#x648; &#x627;&#x633;&#x633; &#x627;&#x644;&#x627;&#x639;&#x62F;&#x627;&#x62F; /</subfield>
    <subfield code="c">&#x62A;&#x623;&#x644;&#x64A;&#x641; &#x62D;&#x633;&#x646;&#x64A;&#x646; &#x634;&#x641;&#x64A;&#x642; .</subfield>
  </datafield>
  <datafield tag="250" ind1=" " ind2=" ">
    <subfield code="a">&#x637;.1</subfield>
  </datafield>
  <datafield tag="260" ind1=" " ind2=" ">
    <subfield code="a">&#x627;&#x644;&#x642;&#x627;&#x647;&#x631;&#x629; : </subfield>
    <subfield code="b">&#x62F;&#x627;&#x631; &#x641;&#x643;&#x631; &#x648;&#x641;&#x646; &#x60C;</subfield>
    <subfield code="c">2016 .</subfield>
  </datafield>
  <datafield tag="300" ind1=" " ind2=" ">
    <subfield code="a">312 &#x635;. :</subfield>
    <subfield code="b">&#x627;&#x64A;&#x636;. &#x61B;</subfield>
    <subfield code="c">24 &#x633;&#x645;.</subfield>
  </datafield>
  <datafield tag="650" ind1="0" ind2="7">
    <subfield code="2">qrmak</subfield>
    <subfield code="a">&#x627;&#x644;&#x645;&#x646;&#x627;&#x638;&#x631;&#x627;&#x62A; &#x627;&#x644;&#x627;&#x639;&#x644;&#x627;&#x645;&#x64A;&#x629; </subfield>
  </datafield>
  <datafield tag="650" ind1="0" ind2="7">
    <subfield code="2">qrmak</subfield>
    <subfield code="a">&#x627;&#x644;&#x645;&#x646;&#x627;&#x638;&#x631;&#x627;&#x62A; &#x627;&#x644;&#x627;&#x644;&#x643;&#x62A;&#x631;&#x648;&#x646;&#x64A;&#x629; </subfield>
  </datafield>
  <datafield tag="650" ind1="0" ind2="7">
    <subfield code="2">qrmak</subfield>
    <subfield code="a">&#x644;&#x63A;&#x629; &#x627;&#x644;&#x62C;&#x633;&#x62F; </subfield>
    <subfield code="x">&#x627;&#x644;&#x645;&#x646;&#x627;&#x638;&#x631;&#x627;&#x62A; &#x627;&#x644;&#x627;&#x639;&#x644;&#x627;&#x645;&#x64A;&#x629; </subfield>
  </datafield>
  <datafield tag="651" ind1=" " ind2=" ">
    <subfield code="2">qrmak</subfield>
  </datafield>
  <datafield tag="942" ind1=" " ind2=" ">
    <subfield code="2">ddc</subfield>
    <subfield code="c">BK</subfield>
  </datafield>
  <datafield tag="952" ind1=" " ind2=" ">
    <subfield code="0">0</subfield>
    <subfield code="1">0</subfield>
    <subfield code="4">0</subfield>
    <subfield code="7">0</subfield>
    <subfield code="a">CAI</subfield>
    <subfield code="b">CAI</subfield>
    <subfield code="c">MAIN-LIBRARY</subfield>
    <subfield code="d">2017-12-12</subfield>
    <subfield code="l">0</subfield>
    <subfield code="o">302.23\ &#x62D; &#x645;</subfield>
    <subfield code="p">163726</subfield>
    <subfield code="r">2017-12-12 00:00:00</subfield>
    <subfield code="w">2017-12-12</subfield>
    <subfield code="y">BK</subfield>
  </datafield>
</record>
